Easy Piano Theory - Statistics

General Stats
  • This quiz has been taken 714 times
  • The average score is 9 of 15
Answer Stats
Hint Answer % Correct
How many white notes are in one octave? 8
98%
How many black notes are in one octave? 5
88%
How many black notes are in the scale of C major? 0
84%
What is the letter for the middle note on the piano? C
81%
What is the name of the # symbol? Sharp
78%
What is the name of the b symbol? Flat
77%
What is the device called that ticks to help you stay in time? Metronome
73%
What is a word to remember the note letters of the right hand spaces? FACE
59%
What is the name of the right hand clef? Treble Clef
54%
How many black notes are on a full size piano? 36
44%
How many white notes are on a full size piano? 52
44%
What are lines of music split up into? Bars
38%
What black notes are in D major? F# and C#
37%
What is a rhyme to remember the note letters of the left hand spaces? All Cows Eat Grass
32%
What are the lines called that are attached to notes that go way above the bar lines? Ledger Lines
26%
No matching quizzes found
Score Distribution
Percent of People with Each Score
Percentile by Number Answered
Your Score History
You have not taken this quiz